[Event "AUT-ch Open 2020"]
[Site "Graz"]
[Date "2020.02.20"]
[Round "8.17"]
[White "Froewis, Annika"]
[Black "Niedbala, Bartlomiej"]
[Result "1-0"]
[WhiteElo "2121"]
[BlackElo "2432"]
[Annotator "TA"]
[PlyCount "85"]
[EventDate "2020.02.14"]
[EventType "swiss"]
[EventCountry "AUT"]
[SourceTitle "playchess.com"]
[Source "ChessBase"]
[SourceQuality "1"]

{[%evp 9,85,0,20,-10,-4,14,14,14,14,12,10,10,22,20,27,-43,-43,-68,-62,-54,-63,-75,-60,-118,-97,-129,-129,-126,-132,-267,-250,-199,-41,-41,-37,-52,-40,-77,0,0,167,161,151,125,310,350,663,655,637,629,741,696,823,834,794,798,773,722,820,818,757,704,690,683,815,768,851,826,1343,1279,1850,1849,4868,2568,5219,4190,2243,1737]} 1. d4 Nf6 2. Nc3 d5 3. Bf4 a6 4. e3 Bf5 5. f3 e6 6. g4 {D00: 1 d4 d5: Unusual lines.} Bg6 7. h4 h5 8. g5 {The position is equal.} Nfd7 9. Bd3 Bxd3 10. Qxd3 g6 11. e4 c6 {[#]} 12. exd5 $146 (12. O-O-O $11) ({Predecessor:} 12. Nge2 Bg7 13. O-O-O b5 14. Bd6 Nb6 15. Bc5 N8d7 16. exd5 Nxc5 17. dxc5 Nxd5 18. Ne4 {0-1 (37) Vidovic,S (2354)-Grachev,B (2658) Bol 2014}) 12... cxd5 $15 13. Qe3 Be7 14. Nd1 Nc6 15. c3 Qb6 16. Bh2 {[#]} (16. Qe2 $15) 16... e5 $1 $17 {[%mdl 512]} 17. Ne2 {[%cal Rh2e5]} (17. dxe5 d4) 17... O-O $1 18. Qd2 Rfe8 19. Ne3 (19. Kf1 $17 {keeps fighting.}) 19... exd4 $1 $19 20. Nxd5 {[#]} Qa5 $2 (20... Qc5 $1 $19 {[%cal Rc5d5]} 21. Nc7 Nce5 {[%mdl 64] Discovered Attack} 22. cxd4 Qxc7 23. dxe5 Nxe5) 21. Nxe7+ $15 Rxe7 22. O-O dxc3 23. Nxc3 {[#]} Nb6 (23... Rd8 $1 $17 24. Qg2 Nde5) 24. Qf2 $11 Re6 $2 (24... Rd8 $11 {and Black stays safe.}) 25. Bc7 $18 Ne5 26. Qd4 $36 {[%mdl 2048] Black must now prevent b4. White is really pushing.} Rc8 $2 (26... Ned7 $16) 27. b4 {[%cal Bb2b4,Bb4a5,Ba5b6][%mdl 32]} Nc6 $2 (27... Qa3) 28. bxa5 {White is clearly winning.} Nxd4 29. axb6 f6 30. Rad1 Nf5 31. Nd5 fxg5 32. hxg5 Kf7 33. Rfe1 Rce8 34. Rxe6 Rxe6 35. Kf2 Rc6 36. Rd2 Rc1 37. Nb4 Rb1 38. Nd3 Ne7 39. Nc5 h4 40. Nxb7 h3 41. Kg3 Nf5+ 42. Kxh3 Rh1+ 43. Kg2 {Quite a comeback for White. Accuracy: White = 74%, Black = 47%.} 1-0

[Event "AUT-ch Open 2020"]
[Site "Graz"]
[Date "2020.02.20"]
[Round "8.18"]
[White "Rathnakaran, K.."]
[Black "Nolz, Tom"]
[Result "1-0"]
[WhiteElo "2334"]
[BlackElo "2153"]
[Annotator "NA"]
[PlyCount "87"]
[EventDate "2020.02.14"]
[EventType "swiss"]
[EventCountry "AUT"]
[SourceTitle "playchess.com"]
[Source "ChessBase"]
[SourceQuality "1"]
[TimeControl "40/5400+30:1800+30"]

1. e4 {[%emt 0:06:03]} e6 {[%emt 0:00:00]} 2. d3 {[%emt 0:00:03]} b6 {[%emt 0:00:18]} 3. g3 {[%emt 0:00:06]} Bb7 {[%emt 0:00:24]} 4. Bg2 {[%emt 0:00:05]} d5 {[%emt 0:00:14]} 5. Qe2 {[%emt 0:00:26]} Be7 {[%emt 0:01:18]} 6. Nf3 {[%emt 0:00:15]} d4 {[%emt 0:03:20]} 7. O-O {[%emt 0:00:10]} c5 {[%emt 0:00:10]} 8. c3 {[%emt 0:00:09]} Nc6 {[%emt 0:00:12]} 9. cxd4 {[%emt 0:00:07]} cxd4 {[%emt 0:00:21]} 10. a3 {[%emt 0:00:08]} Nf6 {[%emt 0:00:25]} 11. b4 {[%emt 0:00:05]} b5 {[%emt 0:01:06]} 12. Bb2 {[%emt 0:01:03]} e5 {[%emt 0:03:10]} 13. Nh4 {[%emt 0:00:51]} O-O {[%emt 0:00:18]} 14. Nf5 {[%emt 0:00:14]} a5 {[%emt 0:03:04]} 15. bxa5 {[%emt 0:03:10]} Bc5 {[%emt 0:09:39]} 16. Rc1 {[%emt 0:00:05]} Nd7 {[%emt 0:01:39]} 17. Bh3 {[%emt 0:02:24]} Ncb8 {[%emt 0:02:20]} 18. f4 {[%emt 0:01:42]} g6 {[%emt 0:01:58]} 19. fxe5 {[%emt 0:00:09]} gxf5 {[%emt 0:00:58]} 20. Qh5 {[%emt 0:00:07]} Ra6 {[%emt 0:00:33]} 21. Bxf5 {[%emt 0:00:05]} Rg6 {[%emt 0:00:07]} 22. e6 {[%emt 0:02:09]} Nf6 {[%emt 0:04:44]} 23. Qh3 {[%emt 0:00:07]} Na6 {[%emt 0:09:45]} 24. exf7+ {[%emt 0:01:28]} Rxf7 {[%emt 0:03:46]} 25. Nd2 {[%emt 0:00:06]} Bf8 {[%emt 0:05:12]} 26. Bxg6 {[%emt 0:01:41]} hxg6 {[%emt 0:02:49]} 27. Nb3 {[%emt 0:00:13]} Qe7 {[%emt 0:04:59]} 28. Bxd4 {[%emt 0:01:00]} Rh7 {[%emt 0:12:55]} 29. Bxf6 {[%emt 0:06:04]} Qxf6 {[%emt 0:00:05]} 30. Rf1 {[%emt 0:00:35]} Qd6 {[%emt 0:13:31]} 31. Qg4 {[%emt 0:00:55]} Bc6 {[%emt 0:08:35]} 32. d4 {[%emt 0:05:28]} Bd7 {[%emt 0:01:37]} 33. Qf3 {[%emt 0:01:14]} Be7 {[%emt 0:03:28]} 34. e5 {[%emt 0:09:10]} Qe6 {[%emt 0:00:03]} 35. Rac1 {[%emt 0:00:06]} Be8 {[%emt 0:03:26]} 36. Qa8 {[%emt 0:06:51]} Bg5 {[%emt 0:00:47]} 37. Rc8 {[%emt 0:04:52]} Re7 {[%emt 0:00:39]} 38. d5 {[%emt 0:06:05]} Be3+ {[%emt 0:00:11]} 39. Kh1 {[%emt 0:00:49]} Qxe5 {[%emt 0:00:44]} 40. d6 {[%emt 0:00:15]} Qxd6 {[%emt 0:00:38]} 41. Rxe8+ {[%emt 0:30:07]} Rxe8 {[%emt 0:30:03]} 42. Qxe8+ {[%emt 0:00:07]} Kg7 {[%emt 0:00:13]} 43. Rf7+ {[%emt 0:00:15]} Kh6 {[%emt 0:00:04]} 44. Qh8+ {[%emt 0:00:06]} 1-0

[Event "AUT-ch Open 2020"]
[Site "Graz"]
[Date "2020.02.20"]
[Round "8.18"]
[White "Giannoulakis, Lampros"]
[Black "Socko, Monika"]
[Result "0-1"]
[WhiteElo "2266"]
[BlackElo "2419"]
[Annotator "TA"]
[PlyCount "66"]
[EventDate "2020.02.14"]
[EventType "swiss"]
[EventCountry "AUT"]
[SourceTitle "playchess.com"]
[Source "ChessBase"]
[SourceQuality "1"]

{[%evp 14,80,52,42,36,25,42,37,54,0,0,0,0,0,0,0,0,0,85,50,80,65,72,0,72,58,45,30,38,32,57,0,0,0,0,-41,-37,-42,0,-178,-183,-183,-185,-177,-177,-247,-242,-248,-245,-235,-235,-235,-189,-258,-197,-219,-256,-258,-255,-342,-341,-306,-331,-379,-363,-841,-827,-1141,-1132]} 1. d4 Nf6 2. c4 c5 3. d5 b5 4. cxb5 a6 5. bxa6 g6 6. Nc3 Bg7 7. Nf3 Bxa6 8. e4 Qa5 {White should prevent ...Nxe4. A58: Benko/Volga Gambit: Lines with 5 bxa6.} 9. Bd2 Bxf1 10. Kxf1 {[#]} Qb4 $146 {White is slightly better.} ({Predecessor:} 10... d6 11. g3 Nbd7 12. Kg2 O-O 13. Qc2 Rfb8 14. Rhe1 Ng4 15. a4 Qb4 16. Nd1 Qb3 17. Qxb3 Rxb3 {½-½ (31) Ftacnik,L (2541)-Martinez Duany,L (2510) Porto 2016}) 11. Qc2 ({Better is} 11. Qe2 $14) 11... Qc4+ $1 $11 12. Kg1 {Strongly threatening b3.} Na6 $1 13. Ne5 Qd4 14. Nf3 Qc4 $1 15. Ne5 Qb4 (15... Qd4 $11 {remains equal.} 16. Nf3 Qc4) 16. g3 Qb7 17. Kg2 O-O 18. Rhe1 (18. Nc4 $16) 18... e6 (18... Nb4 $11 19. Qb1 d6) 19. dxe6 fxe6 20. Rad1 d6 21. Nf3 d5 22. a3 ({White should play} 22. exd5 $14 exd5 23. Qb3 Qxb3 24. axb3) 22... d4 $1 23. Na4 Ng4 24. Bf4 e5 $1 {[%cal Re5f4]} 25. Qc4+ Kh8 26. Bc1 $2 {[#] White is on the road to losing.} (26. Bg5 $11 {and White stays safe.}) 26... Rxf3 $1 $19 {[%mdl 512]} 27. Kxf3 Rf8+ 28. Kg2 {aiming for f3.} (28. Kxg4 {gets mated.} Qc8+ 29. Kh4 Bf6+ 30. Bg5 Bxg5+ 31. Kxg5 Rf5+ $1 {[%mdl 512]} 32. Kg4 Rf4+ $1 {[%mdl 512]} 33. Kg5 Qg4+ 34. Kh6 Qh5#) 28... Nxf2 {[%mdl 64] Double Attack} 29. Qd5 (29. Qe2 $142) 29... Qb5 ({Stronger than} 29... Qc8 30. Rd2 $11) 30. Rd2 {[#]} Ng4 $1 {[%cal Rg4e3] White must now prevent ...Ne3+.} ({Resist} 30... Nd3 31. Red1) 31. Rde2 Qxa4 32. b3 Qb5 {Threatens to win with ...Qd3.} 33. Qc4 (33. Qe6 $142 Nf6 34. Rf2) 33... Qc6 {Played: Qb5-b7} 0-1

[Event "AUT-ch Open 2020"]
[Site "Graz"]
[Date "2020.02.20"]
[Round "8.19"]
[White "Peycheva, Gergana"]
[Black "Kosakowski, Jakub"]
[Result "0-1"]
[WhiteElo "2413"]
[BlackElo "2413"]
[Annotator "NA"]
[PlyCount "60"]
[EventDate "2020.02.14"]
[EventType "swiss"]
[EventCountry "AUT"]
[SourceTitle "playchess.com"]
[Source "ChessBase"]
[SourceQuality "1"]
[TimeControl "40/5400+30:1800+30"]

1. d4 {[%emt 0:00:00]} Nf6 {[%emt 0:00:10]} 2. c4 {[%emt 0:00:06]} g6 {[%emt 0:00:31]} 3. Nc3 {[%emt 0:00:51]} Bg7 {[%emt 0:00:39]} 4. e4 {[%emt 0:00:54]} d6 {[%emt 0:00:08]} 5. Nf3 {[%emt 0:01:14]} O-O {[%emt 0:00:24]} 6. Be2 {[%emt 0:01:19]} e5 {[%emt 0:01:28]} 7. O-O {[%emt 0:03:32]} Na6 {[%emt 0:02:01]} 8. dxe5 {[%emt 0:11:20]} dxe5 {[%emt 0:01:16]} 9. Qc2 {[%emt 0:00:54]} Qe8 {[%emt 0:11:19]} 10. Rd1 {[%emt 0:05:55]} c6 {[%emt 0:00:23]} 11. b3 {[%emt 0:03:47]} Qe7 {[%emt 0:04:53]} 12. Bb2 {[%emt 0:08:43]} Nh5 {[%emt 0:03:20]} 13. g3 {[%emt 0:02:52]} f5 {[%emt 0:20:39]} 14. Ne1 {[%emt 0:06:43]} Nf6 {[%emt 0:00:58]} 15. Ng2 {[%emt 0:08:52]} f4 {[%emt 0:05:42]} 16. Qd2 {[%emt 0:05:43]} Ng4 {[%emt 0:05:59]} 17. Bxg4 {[%emt 0:08:51]} Bxg4 {[%emt 0:00:15]} 18. Rf1 {[%emt 0:00:29]} Rad8 {[%emt 0:02:33]} 19. Qc1 {[%emt 0:00:11]} Nb4 {[%emt 0:01:55]} 20. Ba3 {[%emt 0:01:30]} a5 {[%emt 0:00:09]} 21. f3 {[%emt 0:02:57]} Bh3 {[%emt 0:01:36]} 22. Na4 {[%emt 0:08:17]} Rd7 {[%emt 0:12:38]} 23. Rb1 {[%emt 0:02:39]} Qd8 {[%emt 0:04:20]} 24. Bxb4 {[%emt 0:01:12]} axb4 {[%emt 0:00:20]} 25. Rb2 {[%emt 0:00:32]} b5 {[%emt 0:01:13]} 26. cxb5 {[%emt 0:05:51]} cxb5 {[%emt 0:00:05]} 27. Nc5 {[%emt 0:00:04]} Qb6 {[%emt 0:00:08]} 28. Rc2 {[%emt 0:03:30]} Rc8 {[%emt 0:00:16]} 29. Ne1 {[%emt 0:02:08]} Bf8 {[%emt 0:00:29]} 30. Kh1 {[%emt 0:01:06]} Rxc5 {[%emt 0:00:14]} 0-1

[Event "AUT-ch Open 2020"]
[Site "Graz"]
[Date "2020.02.20"]
[Round "8.19"]
[White "Brinovec, David"]
[Black "Czernek, Tymon"]
[Result "0-1"]
[WhiteElo "2279"]
[BlackElo "2089"]
[Annotator "NA"]
[PlyCount "72"]
[EventDate "2020.02.14"]
[EventType "swiss"]
[EventCountry "AUT"]
[SourceTitle "playchess.com"]
[Source "ChessBase"]
[SourceQuality "1"]
[TimeControl "40/5400+30:1800+30"]

1. e4 {[%emt 1:30:30]} c5 {[%emt 0:00:00]} 2. c3 {[%emt 0:00:00]} Nf6 {[%emt 0:00:00]} 3. e5 {[%emt 0:00:00]} Nd5 {[%emt 0:00:00]} 4. g3 {[%emt 0:00:00]} Nc6 {[%emt 0:00:00]} 5. Bg2 {[%emt 0:00:00]} e6 {[%emt 0:00:00]} 6. Nf3 {[%emt 0:00:00]} d6 {[%emt 0:00:00]} 7. exd6 {[%emt 0:00:00]} Bxd6 {[%emt 0:00:00]} 8. O-O {[%emt 0:00:00]} O-O {[%emt 0:00:06]} 9. d4 {[%emt 0:00:00]} cxd4 {[%emt 0:00:03]} 10. Nxd4 {[%emt 0:00:00]} Nxd4 {[%emt 0:00:03]} 11. Qxd4 {[%emt 0:00:00]} Qc7 {[%emt 0:00:04]} 12. Nd2 {[%emt 0:00:00]} Bd7 {[%emt 0:00:06]} 13. Ne4 {[%emt 0:00:00]} Bb5 {[%emt 0:00:18]} 14. Rd1 {[%emt 0:00:00]} Be7 {[%emt 0:00:37]} 15. a4 {[%emt 0:00:00]} Bc6 {[%emt 0:00:43]} 16. c4 {[%emt 0:00:00]} Rad8 {[%emt 0:03:30]} 17. Qxa7 {[%emt 0:00:00]} Nb6 {[%emt 0:02:22]} 18. Rxd8 {[%emt 0:00:00]} Rxd8 {[%emt 0:00:05]} 19. Be3 {[%emt 0:00:00]} Nc8 {[%emt 0:00:40]} 20. Qa8 {[%emt 0:00:00]} Nd6 {[%emt 0:00:09]} 21. Qa7 {[%emt 0:00:00]} Nxe4 {[%emt 0:00:08]} 22. Bb6 {[%emt 0:00:00]} Qb8 {[%emt 0:00:06]} 23. Qxb8 {[%emt 0:00:00]} Rxb8 {[%emt 0:00:03]} 24. a5 {[%emt 0:00:00]} Rc8 {[%emt 0:02:17]} 25. Rd1 {[%emt 0:00:00]} Kf8 {[%emt 0:01:17]} 26. b3 {[%emt 0:00:00]} f5 {[%emt 0:02:15]} 27. h4 {[%emt 0:00:00]} Ke8 {[%emt 0:01:51]} 28. h5 {[%emt 0:00:00]} g6 {[%emt 0:00:46]} 29. hxg6 {[%emt 0:00:00]} hxg6 {[%emt 0:00:01]} 30. g4 {[%emt 0:00:00]} Bd8 {[%emt 0:01:10]} 31. gxf5 {[%emt 0:00:00]} Bxb6 {[%emt 0:01:36]} 32. axb6 {[%emt 0:00:00]} gxf5 {[%emt 0:00:05]} 33. f4 {[%emt 0:00:00]} Ke7 {[%emt 0:00:41]} 34. b4 {[%emt 0:00:00]} Nc3 {[%emt 0:00:43]} 35. Rd3 {[%emt 0:00:00]} Ne2+ {[%emt 0:00:12]} 36. Kf2 {[%emt 0:00:00]} Nxf4 {[%emt 0:00:08]} 0-1

[Event "AUT-ch Open 2020"]
[Site "Graz"]
[Date "2020.02.20"]
[Round "8.20"]
[White "Maxion, Dirk"]
[Black "Krasteva, Beloslava"]
[Result "1-0"]
[WhiteElo "2098"]
[BlackElo "2259"]
[Annotator "TA"]
[PlyCount "73"]
[EventDate "2020.02.14"]
[EventType "swiss"]
[EventCountry "AUT"]
[SourceTitle "playchess.com"]
[Source "ChessBase"]
[SourceQuality "1"]

{[%evp 18,73,0,8,12,15,24,-52,-42,-65,-60,-52,-44,-97,-85,-124,-113,-115,-106,-131,-106,-123,0,0,6,0,68,59,295,280,244,0,0,0,14,-271,-246,-254,-6,-4,-11,-14,-11,-479,-10,-509,-95,-120,-91,-1016,-1009,-844,29994,29995,29997,29998,29998,29999]} 1. e4 c5 2. Nf3 d6 3. d4 cxd4 4. Nxd4 Nf6 5. Nc3 a6 6. Be3 e6 7. f3 b5 8. Qd2 Nbd7 9. g4 h6 10. O-O-O b4 {now supersedes 10...Bb7. B80: Sicilian Scheveningen: 6 g3 and 6 Be3, including English Attack.} 11. Na4 Ne5 {[#]} 12. Qg2 $146 (12. Qxb4 $11 Bd7 13. Nc3) ({Predecessor:} 12. Kb1 Bd7 13. b3 Bxa4 14. bxa4 Qc7 15. Be2 Be7 16. h4 Nc4 17. Bxc4 Qxc4 18. Qd3 {1-0 (49) Caruana,F (2802)-Hou,Y (2652) chess.com INT 2017}) 12... Bd7 $15 {Black is slightly better.} 13. b3 Bxa4 14. bxa4 Qc8 15. h4 (15. Kb1 $15) 15... Qc3 $17 16. Bg1 Qa1+ 17. Kd2 Qxa2 18. f4 Nc4+ 19. Ke1 Rc8 (19... e5 $17 20. fxe5 Nxe5) 20. g5 $11 Nd7 {aiming for ...hxg5.} 21. g6 {next e5! is good for White.} Na3 (21... Be7 $1 $11) 22. Bxa6 $14 Nxc2+ $2 ({Black should play} 22... Rc3 $1 $14) 23. Kf1 $18 Rc3 24. gxf7+ $2 (24. Bb5 $1 $18) 24... Kxf7 $11 25. Bb5 Nc5 26. Qe2 $2 {[%mdl 8192]} (26. f5 $11) 26... b3 $19 {Threatens to win with ...b2.} 27. f5 {Qh5+ is the strong threat.} Nxd4 $2 (27... b2 $19 28. Nxc2 b1=Q 29. Rxb1 Qxb1+ 30. Ne1 Qxe4 31. Qxe4 Nxe4) 28. Qh5+ $11 Kg8 29. Bxd4 Nxe4 30. Ke1 $2 {[%mdl 8192] [#]} (30. Qg6 $11 {and White stays safe.} b2 31. Bd7) 30... Rc7 $2 ({Better is} 30... Rc1 $1 $19 {[%mdl 512] ( -> ...Qd2+)} 31. Qe2 (31. Rxc1 Qd2+) 31... Rxd1+ 32. Qxd1 d5) 31. Qg4 $2 {[%mdl 8192]} (31. Qg6 $1 $11 b2 32. Bxb2 $1 {[%mdl 512]}) 31... Nc3 $2 (31... d5 $19 {has better winning chances.} 32. Bd3 exf5) 32. Bxc3 $17 Rxc3 33. Bd7 $2 {[%mdl 8192]} (33. Rh3 $17 Rc5 34. f6 Re5+ 35. Kf1 Rf5+ 36. Rf3) 33... Re3+ $19 34. Kf1 exf5 $4 {[%mdl 8192]} (34... h5 $19 35. Bxe6+ {[#]} Rxe6 $1 {[%mdl 512]}) 35. Qc4+ {White mates.} Kh7 36. Bxf5+ g6 37. Qf7+ {[%mdl 64] Double Attack. Accuracy: White = 36%, Black = 50%.} 1-0

[Event "AUT-ch Open 2020"]
[Site "Graz"]
[Date "2020.02.20"]
[Round "8.20"]
[White "Bodrogi, Bendeguz"]
[Black "Menezes, Christoph"]
[Result "0-1"]
[WhiteElo "2032"]
[BlackElo "2032"]
[Annotator "NA"]
[PlyCount "58"]
[EventDate "2020.02.14"]
[EventType "swiss"]
[EventCountry "AUT"]
[SourceTitle "playchess.com"]
[Source "ChessBase"]
[SourceQuality "1"]
[TimeControl "40/5400+30:1800+30"]

1. Nf3 {[%emt 0:00:00]} d5 {[%emt 0:00:07]} 2. d4 {[%emt 0:00:04]} Nf6 {[%emt 0:00:34]} 3. c4 {[%emt 0:00:15]} g6 {[%emt 0:01:01]} 4. cxd5 {[%emt 0:01:57]} Nxd5 {[%emt 0:01:30]} 5. g3 {[%emt 0:00:11]} Bg7 {[%emt 0:00:28]} 6. Bg2 {[%emt 0:00:12]} O-O {[%emt 0:00:42]} 7. O-O {[%emt 0:00:38]} Nc6 {[%emt 0:00:56]} 8. e4 {[%emt 0:00:23]} Nb6 {[%emt 0:00:41]} 9. d5 {[%emt 0:02:40]} Na5 {[%emt 0:01:50]} 10. Nc3 {[%emt 0:00:26]} c6 {[%emt 0:04:35]} 11. Qe2 {[%emt 0:16:01]} cxd5 {[%emt 0:11:53]} 12. Rd1 {[%emt 0:00:13]} d4 {[%emt 0:02:59]} 13. e5 {[%emt 0:00:48]} Nc6 {[%emt 0:02:08]} 14. Nb5 {[%emt 0:01:36]} Bg4 {[%emt 0:03:23]} 15. Bf4 {[%emt 0:05:18]} a6 {[%emt 0:04:28]} 16. Na3 {[%emt 0:12:37]} Nd7 {[%emt 0:04:09]} 17. Nc4 {[%emt 0:01:10]} b5 {[%emt 0:12:36]} 18. h3 {[%emt 0:03:47]} Be6 {[%emt 0:02:39]} 19. Na3 {[%emt 0:06:10]} Qb6 {[%emt 0:04:29]} 20. Rac1 {[%emt 0:01:31]} Rac8 {[%emt 0:02:24]} 21. b3 {[%emt 0:16:35]} Bd5 {[%emt 0:03:43]} 22. e6 {[%emt 0:10:31]} Bxe6 {[%emt 0:06:00]} 23. Ng5 {[%emt 0:00:19]} Nce5 {[%emt 0:00:58]} 24. Nxe6 {[%emt 0:05:12]} Qxe6 {[%emt 0:00:21]} 25. Bb7 {[%emt 0:03:29]} Rxc1 {[%emt 0:04:46]} 26. Rxc1 {[%emt 0:00:11]} Qd6 {[%emt 0:08:43]} 27. Nb1 {[%emt 0:00:25]} Nc5 {[%emt 0:00:11]} 28. Bg2 {[%emt 0:00:23]} Ncd3 {[%emt 0:01:01]} 29. Bxe5 {[%emt 0:00:33]} Nxc1 {[%emt 0:00:09]} 0-1

[Event "AUT-ch Open 2020"]
[Site "Graz"]
[Date "2020.02.20"]
[Round "8.21"]
[White "Megalios, Konstantinos"]
[Black "Mis, Mieszko"]
[Result "1-0"]
[WhiteElo "2334"]
[BlackElo "2390"]
[Annotator "NA"]
[PlyCount "55"]
[EventDate "2020.02.14"]
[EventType "swiss"]
[EventCountry "AUT"]
[SourceTitle "playchess.com"]
[Source "ChessBase"]
[SourceQuality "1"]
[TimeControl "40/5400+30:1800+30"]

1. Nf3 {[%emt 0:00:31]} Nf6 {[%emt 0:00:00]} 2. c4 {[%emt 0:00:09]} e6 {[%emt 0:00:25]} 3. g3 {[%emt 0:00:23]} d5 {[%emt 0:00:13]} 4. d4 {[%emt 0:02:28]} dxc4 {[%emt 0:00:13]} 5. Bg2 {[%emt 0:00:08]} Bb4+ {[%emt 0:00:12]} 6. Bd2 {[%emt 0:01:55]} c5 {[%emt 0:00:22]} 7. Bxb4 {[%emt 0:03:26]} cxb4 {[%emt 0:00:03]} 8. Ne5 {[%emt 0:01:09]} O-O {[%emt 0:00:43]} 9. O-O {[%emt 0:06:35]} Nc6 {[%emt 0:04:04]} 10. Bxc6 {[%emt 0:08:42]} bxc6 {[%emt 0:00:20]} 11. a3 {[%emt 0:00:06]} c5 {[%emt 0:17:51]} 12. dxc5 {[%emt 0:04:21]} Qd5 {[%emt 0:01:13]} 13. Qxd5 {[%emt 0:02:28]} exd5 {[%emt 0:04:42]} 14. axb4 {[%emt 0:02:15]} Re8 {[%emt 0:10:18]} 15. f4 {[%emt 0:05:03]} Ng4 {[%emt 0:07:56]} 16. Nc3 {[%emt 0:07:35]} Nxe5 {[%emt 0:10:53]} 17. fxe5 {[%emt 0:02:24]} Rb8 {[%emt 0:09:02]} 18. Rxa7 {[%emt 0:06:21]} Be6 {[%emt 0:03:03]} 19. b5 {[%emt 0:02:57]} d4 {[%emt 0:05:36]} 20. Ne4 {[%emt 0:00:39]} Bd5 {[%emt 0:03:52]} 21. Nd6 {[%emt 0:01:04]} Rxe5 {[%emt 0:00:17]} 22. e4 {[%emt 0:10:39]} Be6 {[%emt 0:10:26]} 23. c6 {[%emt 0:01:25]} Rc5 {[%emt 0:00:42]} 24. c7 {[%emt 0:01:42]} Rf8 {[%emt 0:00:16]} 25. b6 {[%emt 0:01:36]} d3 {[%emt 0:01:43]} 26. Rd1 {[%emt 0:02:49]} Rc6 {[%emt 0:01:30]} 27. b7 {[%emt 0:01:15]} Rxc7 {[%emt 0:00:41]} 28. Ra8 {[%emt 0:00:55]} 1-0

[Event "AUT-ch Open 2020"]
[Site "Graz"]
[Date "2020.02.20"]
[Round "8.21"]
[White "Praczukowski, Stanislaw"]
[Black "Modler, Andreas"]
[Result "1-0"]
[WhiteElo "2088"]
[BlackElo "2225"]
[Annotator "NA"]
[PlyCount "47"]
[EventDate "2020.02.14"]
[EventType "swiss"]
[EventCountry "AUT"]
[SourceTitle "playchess.com"]
[Source "ChessBase"]
[SourceQuality "1"]
[TimeControl "40/5400+30:1800+30"]

1. e4 {[%emt 0:00:00]} c5 {[%emt 0:00:00]} 2. Nf3 {[%emt 0:00:00]} e6 {[%emt 0:00:03]} 3. d4 {[%emt 0:00:09]} cxd4 {[%emt 0:00:16]} 4. Nxd4 {[%emt 0:00:07]} a6 {[%emt 0:00:04]} 5. Be2 {[%emt 0:00:38]} Nf6 {[%emt 0:01:22]} 6. Nc3 {[%emt 0:00:51]} Qc7 {[%emt 0:00:07]} 7. O-O {[%emt 0:00:30]} Bb4 {[%emt 0:01:48]} 8. Qd3 {[%emt 0:00:44]} Nc6 {[%emt 0:00:50]} 9. Bg5 {[%emt 0:01:10]} Be7 {[%emt 0:00:08]} 10. Bh4 {[%emt 0:06:55]} O-O {[%emt 0:02:43]} 11. Rad1 {[%emt 0:01:50]} Ne5 {[%emt 0:03:30]} 12. Qg3 {[%emt 0:05:33]} d6 {[%emt 1:25:09]} 13. f4 {[%emt 0:07:14]} Ng6 {[%emt 0:00:00]} 14. Bg5 {[%emt 0:02:14]} h6 {[%emt 0:00:00]} 15. Bxh6 {[%emt 0:12:33]} gxh6 {[%emt 0:00:00]} 16. f5 {[%emt 0:00:08]} e5 {[%emt 0:00:00]} 17. fxg6 {[%emt 0:16:57]} exd4 {[%emt 0:00:00]} 18. gxf7+ {[%emt 0:02:57]} Kh8 {[%emt 0:00:00]} 19. Nd5 {[%emt 0:08:27]} Nxd5 {[%emt 0:00:00]} 20. Qg6 {[%emt 0:01:06]} Bg5 {[%emt 0:00:00]} 21. exd5 {[%emt 0:00:27]} Bf5 {[%emt 0:00:00]} 22. Qxf5 {[%emt 0:02:44]} Kg7 {[%emt 0:00:00]} 23. Bd3 {[%emt 0:00:39]} Rh8 {[%emt 0:00:00]} 24. f8=Q+ {[%emt 0:00:29]} 1-0

[Event "AUT-ch Open 2020"]
[Site "Graz"]
[Date "2020.02.20"]
[Round "8.22"]
[White "Hoefelsauer, Thomas"]
[Black "Lim, Zhuo Ren"]
[Result "1/2-1/2"]
[WhiteElo "2390"]
[BlackElo "2296"]
[Annotator "TA"]
[PlyCount "90"]
[EventDate "2020.02.14"]
[EventType "swiss"]
[EventCountry "AUT"]
[SourceTitle "playchess.com"]
[Source "ChessBase"]
[SourceQuality "1"]

{[%evp 15,90,0,31,18,27,26,45,18,30,27,98,98,103,103,103,100,97,89,85,47,48,55,47,47,66,47,50,47,58,50,71,74,73,72,91,74,79,77,87,65,67,55,66,27,66,7,5,0,61,-16,0,-274,-52,-41,-4,0,0,0,0,0,0,0,0,0,0,0,0,0,0,0,0,0,0,0,0,0,0]} 1. c4 Nf6 2. Nc3 c5 3. e4 Nc6 4. g3 g6 5. Bg2 Bg7 6. d3 d6 7. Nge2 O-O 8. O-O e5 9. a3 {A36: Symmetrical English vs ...g6: 4 Bg2 Bg7.} Bd7 10. Rb1 a5 11. Bd2 {[#] White is slightly better.} b6 $146 ({Predecessor:} 11... Nd4 12. b4 axb4 13. axb4 b6 14. Bg5 h6 15. Bxf6 Bxf6 16. Nxd4 cxd4 17. Nd5 b5 {½-½ (44) Kleff,A (2145)-Sukharisingh,R (2319) Germany 2001}) 12. f4 Bg4 {[#]} (12... exf4 $11 13. Bxf4 Ng4) 13. f5 $1 $16 Nd4 14. h3 Bxe2 15. Nxe2 Nh5 {Black wants to play ...Nxe2+.} 16. Nxd4 cxd4 17. g4 Nf4 $1 18. Bxf4 exf4 19. Rxf4 Be5 20. Rf1 Qh4 21. Qe1 Bg3 22. Qe2 Be5 23. Qf2 Qg5 24. Bf3 f6 25. Bd1 Ra7 26. h4 Qh6 27. Kg2 Kh8 28. Rh1 Rg8 29. Rh3 Rag7 30. Kh1 (30. fxg6 $14 Rxg6 31. Kh1) 30... gxf5 $11 31. exf5 Re7 (31... d5 $11) 32. b3 (32. Bf3 $14) 32... d5 33. Rb2 $2 {[%mdl 8192]} (33. Bf3 $11 {and White stays safe.}) 33... Bd6 $2 (33... Qc1 $19 34. Qc2 Bf4) 34. Re2 Rge8 {Threatens to win with ...Rxe2.} 35. Rxe7 {The position is equal.} (35. cxd5 Rxe2 36. Bxe2 Qd2 $19) 35... Rxe7 36. g5 $36 {[%mdl 2048] White fights for an advantage.} ({Avoid the trap} 36. cxd5 $2 {[#]} Qc1 $1 $19 {[%mdl 512]}) 36... fxg5 37. Qxd4+ {[%mdl 64] Double Attack} Re5 38. Re3 g4 39. Rxe5 {[%cal Re5e8]} Qxh4+ 40. Kg2 {[%cal Re5e8]} Qh3+ 41. Kf2 {[%cal Re5e8]} Qh2+ 42. Kf1 {[%cal Re5e8]} Qh3+ 43. Kf2 {[%cal Re5e8]} Qh2+ 44. Kf1 {[%cal Re5e8]} Qh1+ 45. Ke2 {[%cal Re5e8]} Qh2+ {[%mdl 64] Double Attack. Accuracy: White = 74%, Black = 74%.} 1/2-1/2